000 00677nam a2200229Ia 4500
003 OSt
005 20220926023652.0
006 a|||||r|||| 00| 0
007 ta
008 220923b |||||||| |||| 00| 0 eng d
037 _cGeneral Book
040 _aRTL
_cRTL
_beng
041 _2eng
_aeng
082 _aX9(KZ).687.N9, N1
100 _aGrandin Barbara
_9329447
245 0 _aVillage animal health care
_b Community-based appro
260 _aNottingham
_bIntermediate Technology
_c1991
300 _a52p.
_ccm.
650 _aAnimal Husbandry Industry
942 _hX9(KZ).687.N9, N1
_cGB
_2CC
999 _c642104
_d642104